Quiz do Flamengo (Nível Médio) (#1) - Statistics

Estatísticas Gerais
  • Esse quiz foi jogado 447 vezes
  • A pontuação média é 5 de 10
Estatísticas das Respostas
Questão Resposta % Correto
Quem é o padroeiro do Flamengo? São Judas Tadeu
86%
Quem deu o passe para o gol do empate contra o River Plate em 2019? Arrascaeta
70%
Quem é "melhor que Eto'o"? Obina
69%
Qual o maior destes na história do Flamengo? Zizinho
50%
Qual destes ficou famoso como "o jogo da vingança"? 6x0 conta o Botafogo em 1981
49%
Quem entrou contra o cobreloa só para dar uma surra no adversário em 1981? Anselmo
49%
Quem era o camisa 6 do Flamengo em 1981? Andrade
44%
Qual jogo marcou a despedida de Zico? 5x0 contra o Fluminense
40%
Qual desses foi revelado pelo Flamengo e foi campeão da copa do mundo em 1994? Aldair
37%
Quantos tri campeonatos cariocas o Flamengo já conquistou? 6
26%
Nenhum quiz correspondente encontrado
Distribuição das Pontuações
Porcentagem de Pessoas com Cada Pontuação
Percentil de Números Respondidos
Sua Pontuação Histórica
Você não jogou esse quiz